000 00853nam a22002897a 4500
003 CHAP
005 20220329140245.0
008 971013s1982 r 00010 d
010 _a49328
011 _a50300
035 _a54450
040 _cCHAP
082 _a550
_bR6
100 0 0 _aRoberts, Jonh L.
_997924
245 _aIntroduction to geological maps and structures
260 _aOxford :
_bPergamon Press,
_c1982
300 _a332 p.
_b: ilus.
590 _aBATCH-UPD
_b10
_c20130110
_lUCH01
_h0726
590 _aBATCH-UPD
_b10
_c20130410
_lUCH01
_h0410
590 _aBATCH-UPD
_b10
_c20130914
_lUCH01
_h1538
590 _aCONVERSION
_b10
_c20130109
_lUCH01
_h1327
650 1 4 _aGeología
_xMapas.
_947626
650 1 4 _aTectónica.
_9111978
901 _aBK
942 _cLIBRO
949 _a550 R6
_bBC
_cLIBRO
_d33724000444832
_eLIBRO
_h58479
_i54450
_si
999 _c49328
_d49328